Réel du sexe, réalité de l'institution (notice n° 1641401)
[ vue normale ]
| 000 -LEADER | |
|---|---|
| fixed length control field | 00922cam a2200205 4500500 |
| 005 - DATE AND TIME OF LATEST TRANSACTION | |
| control field | 20260201110728.0 |
| 041 ## - LANGUAGE CODE | |
| Language code of text/sound track or separate title | fre |
| 042 ## - AUTHENTICATION CODE | |
| Authentication code | dc |
| 100 10 - MAIN ENTRY--PERSONAL NAME | |
| Personal name | Brami, Carole |
| Relator term | author |
| 245 00 - TITLE STATEMENT | |
| Title | Réel du sexe, réalité de l'institution |
| 260 ## - PUBLICATION, DISTRIBUTION, ETC. | |
| Date of publication, distribution, etc. | 2010.<br/> |
| 500 ## - GENERAL NOTE | |
| General note | 14 |
| 520 ## - SUMMARY, ETC. | |
| Summary, etc. | RésuméLa question de l’intime met en avant la notion de sujet. Dans une institution qui au travers de nouveaux référentiels théoriques en forclot l’idée, la place est faite aux figures du pire. Le discours de la science et celui du capitalisme s’unissent pour transformer une clinique de la rencontre en traitement du handicap psychique. |
| 690 ## - LOCAL SUBJECT ADDED ENTRY--TOPICAL TERM (OCLC, RLIN) | |
| Topical term or geographic name as entry element | être vivant du sujet |
| 690 ## - LOCAL SUBJECT ADDED ENTRY--TOPICAL TERM (OCLC, RLIN) | |
| Topical term or geographic name as entry element | pulsion |
| 690 ## - LOCAL SUBJECT ADDED ENTRY--TOPICAL TERM (OCLC, RLIN) | |
| Topical term or geographic name as entry element | réel |
| 690 ## - LOCAL SUBJECT ADDED ENTRY--TOPICAL TERM (OCLC, RLIN) | |
| Topical term or geographic name as entry element | science et scientisme |
| 786 0# - DATA SOURCE ENTRY | |
| Note | Empan | 77 | 1 | 2010-05-17 | p. 91-94 | 1152-3336 |
| 856 41 - ELECTRONIC LOCATION AND ACCESS | |
| Uniform Resource Identifier | <a href="https://shs.cairn.info/revue-empan-2010-1-page-91?lang=fr&redirect-ssocas=7080">https://shs.cairn.info/revue-empan-2010-1-page-91?lang=fr&redirect-ssocas=7080</a> |
Pas d'exemplaire disponible.




Réseaux sociaux